Pekeliling kemajuan pentadbiran awam : Semua pindaan hingga Ogos, 1994 :

Bibliographic Details
Corporate Author: MALAYSIA
Format: Book
Published: Kuala Lumpur : MDC Penerbit Pencetak , 1994
Series:Undang-undang Malaysia
Subjects:

MARC

LEADER 00000cam a2200000 7i4500
001 0000000699
005 20020424.0
020 0 0 |a 9677001671 
090 0 0 |a 351.595   |b MAL 1994 
110 1 0 |a MALAYSIA 
245 1 0 |a Pekeliling kemajuan pentadbiran awam :   |b Semua pindaan hingga Ogos, 1994 :   |b Bil. 1 tahun 1991 hingga bil. 11 tahun 1991; bil. 1 tahun 1992 hingga bil. 4 tahun 1992; bil. 1 tahun 1993 hingga bil. 3 tahun 1993 
260 0 0 |a Kuala Lumpur :   |b MDC Penerbit Pencetak ,   |c 1994 
300 |a vi, 494 p. ;   |c 26 cm. 
440 0 0 |a Undang-undang Malaysia 
650 0 0 |a Civil service ethics   |z Malaysia 
650 0 0 |a Civil service   |x Training of   |z Malaysia 
650 0 0 |a Civil service   |z Malaysia   |x Personnel management   |x Handbooks, manuals, etc. 
998 |a JPSM 
999 |a 0000000199   |b Monograph   |c Open Shelf   |e Default branch 
999 |a 0000000255   |b Monograph   |c Open Shelf   |e Default branch